000 00405cam a2200169ua 4500
001 7735
008 120107n1991 II |||gr||||Z||||||eng
040 _aMAIN
041 _aEnglish
082 _a516 KUM
100 _aKUMAR, RAMESH.
245 _aA TEXT BOOK OF CO-ORDINATE GEOMETRY
260 _aNEW DELHI
_bKONARK PUBLISHERS PVT. LTD
_c1991
300 _a174:
_c20CM.
653 _aGeometry
942 _cBK
999 _c7720
_d7720